000 00688nam a2200217 4500
003 OSt
005 20240610075207.0
006 a
008 240610b |||||||| |||| 00| 0 eng d
020 _a9710858149
040 _aDWCL-Main lib.
_cOC
082 _2revised edition
_aFil. 100 M777i 2008
100 _aMontemayor , Felix M.
245 _aIntroduction to philosophy through the philosophy of man /
250 _arevised edition
260 _aMandaluyong City, Phils. :
_bNational Book Store,
_cc2008.
300 _axxiii,
_b268 p. ;
_c22 cm.
504 _aIncludes bibliographical references.
700 _aFelix M. Montemayor
942 _2ddc
_n0
_cBK - FIL
_erevised edition
_kFil.
999 _c482
_d482